• 首页
  • 本馆介绍
  • 公告通知
  • 最新文献
  • 馆藏检索
  • 电子资源
  • 读者导购
  • 参考咨询
  • 我的图书馆
  • 登录
  • 详细信息显示
  • 放入我的书架
  • 预约/预借图书
  • 作者相关作品
  • 分类相关作品
  • 丛书相关作品
  • 出版社相关作品

书目信息

  • 表格格式
  • 工作单格式
  • 卡片格式
题名:
结晶化学
    
 
作者: 唐有祺 编著
分册:  
出版信息: 北京   高等教育出版社  1957
页数: 358页
开本: 20cm
丛书名:
单 册:
中图分类: O74
科图分类:
主题词: 晶体化学
电子资源:
ISBN:
000 00561nam0 2200217 450
001 0661038674
005 20061121101604.42
010    @dCNY1.50
100    @a20060801d1957 km y0chiy0120 ea
101 0  @achi
102    @aCN@b110000
102    @aCN@b110000
200 1  @a结晶化学@Ajie jing hua xue@f唐有祺编著@Ftang you qi bian zhu
210    @a北京@c高等教育出版社@d1957
215    @a358页@d20cm
300    @a高等学校教材
606 0  @a晶体化学
690    @aO74@v3
701  0 @a唐有祺@Atang you qi@4编著
801  0 @aCN@bPFT@c20061121
905    @a10447@dO74@e3
    
    结晶化学/唐有祺编著.-北京:高等教育出版社,1957
    358页;20cm
    高等学校教材
    
    ISBN :CNY1.50
    
●
相关链接 在E读中查询图书 在五车中查询图书 在当当中查询图书 在豆瓣中查询图书


正题名:结晶化学     索取号:O74/3         预约/预借

序号 登录号 条形码 馆藏地/架位号 状态 备注
1 0013377   001454063   第二样本阅览室/ [索取号:O74/3] 在馆    
2 0434320   204343200   密集书库/ [索取号:O74/3] 在馆    
唐山师范学院图书馆 欢迎您!
大连网信软件有限公司© 版权所有